| 000 | 00811nam a2200265Ia 4500 | ||
|---|---|---|---|
| 003 | GCL | ||
| 008 | 140319s9999 xx 000 0 ara d | ||
| 040 |
_aGCL / _cGCL |
||
| 082 | 0 | 4 |
_a614.88 _bز ا |
| 100 | 1 | _aزغلول مهران | |
| 245 | 1 | 0 |
_aالاسعافات الاولية لك ولاسرتك فى اى مكان / _cزغلول مهران |
| 700 | 1 | _aعادل عين شوكة | |
| 260 |
_a[S.N] : _bمركز الاهرام للترجمة والنشر ، _c1989 |
||
| 300 | _a115 ص | ||
| 490 | _a | ||
| 650 | 0 | 4 | _aالاسعافات الاولية |
| 650 | 0 | 4 | _aالحوادث |
| 650 | 0 | 4 | _aالتنفس الصناعى |
| 650 | 0 | 4 | _aالجروح |
| 650 | 0 | 4 | _aالانعاش |
| 650 | 0 | 4 | _aالحروق |
| 650 | 0 | 4 | _aالانقاذ |
| 650 | 0 | 4 | _aشرطة النجدة |
| 942 |
_2ddc _cBK |
||
| 999 |
_c33366 _d33366 |
||